000 01139cam a2200373 a 4500
001 3997
003 FISKH
005 20250827093704.0
008 110528s2010 nyua j 001 0 eng
010 _a 2010480691
020 _a9780545202046 (pbk.)
020 _a0545202043 (pbk.)
040 _aDLC
_cDLC
_beng
042 _apcc
050 0 0 _aQB602
_b.B44 2010
082 _a523.4
100 1 _aBerger, Melvin.
245 1 0 _aPlanets /
_cby Melvin and Gilda Berger.
260 _aNew York :
_bScholastic,
_c2010.
300 _a48 pages :
_bcolor illustrations ;
_c23 cm
490 0 _aScholastic true or false
500 _aIncludes index.
505 _aQ
520 _aAsks readers true or false questions about planets that the reader can find the answers to by turning the page.
521 8 _a660
_bLexile NC
521 8 _aQ
_bRaz-PLus
650 0 _aPlanets
_vMiscellanea
_vJuvenile literature.
650 1 _aPlanets
_vMiscellanea.
650 1 _aQuestions and answers.
700 1 _aBerger, Gilda.
_eAuthor
906 _a7
_bcbc
_corigres
_d2
_encip
_f20
_gy-gencatlg
942 _2ddc
_cBK
_n0
999 _c3997
_d3997